| 000 | 00456nam a22001577a 4500 | ||
|---|---|---|---|
| 999 |
_c524581 _d524581 |
||
| 003 | NUST | ||
| 038 | _aMr.Haroon | ||
| 082 | _a620.1 | ||
| 100 |
_aUMair Ali Rana _915384 |
||
| 245 |
_aDEVELOPMENT OF DESIGN METHODOLOGY FOR BIOMIMETIC ADAPTIVE INFILLS FOR ADDITIVE MANUFACTURING / _cUMair Ali Rana |
||
| 260 |
_aIslamadad : _bCEME, _c2017. |
||
| 300 | _a58 P. ; | ||
| 500 | _aHardcover. | ||
| 600 | _2Mechinical Engineering - MS Thesis | ||
| 942 |
_2ddc _cTHE |
||